000 00921nam a2200217 a 4500
005 20160111053652.0
008 160111s2008 ck ad gr|||| 00| 0 spa d
020 _a9789589822258
040 _aCO-BoIAVH
_cCO-BoIAVH
041 0 _aspa
044 _ack
082 0 4 _a305.8
_bA83p
110 2 _aAsociación de Cabildos Indígenas del Trapecio Amazónico
245 1 0 _aPlan de vida de la Asociación de Cabildos Indígenas del Trapecio Amazónico /
_cAsociación de Cabildos Indígenas del Trapecio Amazónico
260 _a[s.l] :
_bAsociación de Cabildos Indígenas del Trapecio Amazónico ,
_c2008.
300 _a104 páginas :
_bIlustraciones, cuadros ;
_c28 x 22 cm.
650 6 _aComunidades indígenas
_zAmazonas (Colombia)
650 4 _aPlan de vida
_xComunidades indígenas
650 4 _aAspectos socioeconómicos
_xComunidades indígenas
_zAmazonas (Colombia)
942 _cLIBRO
_2ddc
999 _c6271
_d6271